| 000 | 00776nam a22002297a 4500 | ||
|---|---|---|---|
| 005 | 20150513151848.0 | ||
| 010 | _aENG-112652 | ||
| 020 |
_a9788179860861 _c625.00 |
||
| 035 | _aEN-96184 | ||
| 037 | _bDBAD/PUB | ||
| 082 | _a250 | ||
| 100 | _aRoy, Pabitrakumar | ||
| 245 | 0 | 0 |
_aMapping the Bodhicaryavatara : _cby Pabitrakumar Roy _bessays on Mahayana ethics / |
| 260 |
_aShimla _bIndian Institute of Advanced Study _c2011 |
||
| 270 |
_aRashtrapati Nivas _bShimla _e171005 |
||
| 300 |
_axxxix,352p. _c22cm(Hb) |
||
| 500 | _a Includes bibliographical references (p. [345]-349). | ||
| 600 |
_a Śāntideva _dactive 7th century. |
||
| 650 |
_aMahayana Buddhism _x Doctrines. |
||
| 650 | _aBuddhist ethics. | ||
| 942 |
_2ddc _cEN _mROY _h250 |
||
| 999 |
_c92833 _d92833 |
||